000 00473nam a2200181Ia 4500
005 20250508152118.0
008 008 250505s9999 xx 000 0 eng d
037 _aTextual
040 _aFEDL
_beng
_cFEDL
041 _aeng
_2eng
084 _a539.7603, ESS
_qFEDL
245 0 _a101 Atomic terms
245 0 _cEsso Research and Engineering Company
260 _c1956
300 _a20p.
942 _cTEXL
_h539.7603, ESS
999 _c1334312
_d1334312